| 000 | 01021nam a2200277 i 4500 | ||
|---|---|---|---|
| 001 | bg | ||
| 100 | 1 | _aKOZIEŃ, Marek S. | |
| 245 | 1 | 0 |
_aPromieniowanie akustyczne płyt i powłok o małej wyniosłości / _cMarek S. Kozień ; Politechnika Krakowska im. Tadeusza Kościuszki. |
| 260 |
_aKraków : _bWydawnictwo PK, _c2006. |
||
| 300 |
_a161 s. : _brys. ; _c24 cm. |
||
| 490 | 1 | _aMonografia / Politechnika Krakowska im. Tadeusza Kościuszki. Mechanika | |
| 500 | _aStreszcz. franc., ang., niem. | ||
| 500 | _aISSN i numeracja serii gł.: 0860-097X, 331. | ||
| 504 | _aBibliogr. | ||
| 650 | 9 | _aNaprężenia i odkształcenia | |
| 650 | 9 |
_aPłyty konstrukcyjne _xmechanika |
|
| 650 | 9 |
_aPowłoki _xkonstrukcje _xmechanika |
|
| 650 | 9 |
_aDrgania _xbadanie |
|
| 650 | 9 | _aWibroakustyka | |
| 830 | 0 |
_aMonografia (Politechnika Krakowska im. Tadeusza Kościuszki). _pMechanika |
|
| 040 | _cBPK | ||
| 041 | 0 |
_apol _bfraengger |
|
| 080 | _a534:539.3/.4:621.1 | ||
| 942 | _cKS | ||
| 008 | s pl f |000 0 pol | ||
| 999 |
_c53283 _d53283 |
||
| 856 |
_uhttp://koha.tu.koszalin.pl/cgi-bin/koha/opac-detail.pl?biblionumber=53283 _yKatalog online BPK |
||